Heat resistant superior processing tellurium rubbers (Record no. 60254)

MARC details
000 -LEADER
fixed length control field 00434nam a2200145Ia 4500
100 ## - MAIN ENTRY--AUTHOR NAME
Personal name De Silva K G K
245 #0 - TITLE STATEMENT
Title Heat resistant superior processing tellurium rubbers
260 ## - PUBLICATION, DISTRIBUTION, ETC. (IMPRINT)
Name of publisher Bulletin of the Rubber Research Institute of Sri Lanka
Year of publication 1986
300 ## - PHYSICAL DESCRIPTION
Number of Pages 4-Mar
650 ## - SUBJECT ADDED ENTRY--TOPICAL TERM
Topical Term Natural rubber
650 ## - SUBJECT ADDED ENTRY--TOPICAL TERM
Topical Term Superior processing rubber
650 ## - SUBJECT ADDED ENTRY--TOPICAL TERM
Topical Term Tellurium rubbers
942 ## - ADDED ENTRY ELEMENTS (KOHA)
Koha item type Journals
Holdings
Withdrawn status Lost status Damaged status Not for loan Home library Current library Shelving location Date acquired Serial Enumeration / chronology Koha item type
      Journals RRII Library RRII Library Rubber chemistry 17/12/2021 Volume 22, Issue Journals